• 首页
  • 本馆介绍
  • 公告通知
  • 最新文献
  • 馆藏检索
  • 电子资源
  • 读者导购
  • 参考咨询
  • 我的图书馆
  • 登录
  • 详细信息显示
  • 放入我的书架
  • 预约/预借图书
  • 作者相关作品
  • 分类相关作品
  • 丛书相关作品
  • 出版社相关作品

书目信息

  • 表格格式
  • 工作单格式
  • 卡片格式
题名:
中国导游荟萃
    
 
作者: 高事恒 编
分册:  
出版信息: 北京   中国旅游出版社  1982.05
页数: 132页
开本: 19cm
丛书名:
单 册:
中图分类: K928.70
科图分类:
主题词: 地理--中国
电子资源:
ISBN:
000 00606nam0 2200205 45
001 0405130968
005 20060819154223.07
010    @dCNY0.55
091    @a17179.202
100    @a20040513d1982 km y0chiy0120 ea
101 0  @achi
200 1  @a中国导游荟萃@AZhong Guo Dao You Hui Cui@e广西、广东@EGuang Xi、Guang Dong@f高事恒等编@FGao Shi Heng Deng Bian
210    @a北京@c中国旅游出版社@d1982.05
215    @a132页@d19cm
517    @a广西、广东@AGuang Xi、Guang Dong
606 0  @a地理@x中国
690    @aK928.70@v3
701  0 @a高事恒@4编
801    @aCN@bTSTCL@c20060819
905    @f1@b64615@dK928.70@e23
    
    中国导游荟萃:广西、广东/高事恒等编.-北京:中国旅游出版社,1982.05
    132页;19cm
    
    
    ISBN :CNY0.55
    
●
相关链接 在E读中查询图书 在五车中查询图书 在当当中查询图书 在豆瓣中查询图书


正题名:中国导游荟萃     索取号:K928.70/23         预约/预借

序号 登录号 条形码 馆藏地/架位号 状态 备注
1 0064615   000077856   第二样本阅览室/ [索取号:K928.70/23] 在馆    
2 0462250   204622505   密集书库/ [索取号:K928.70/23] 在馆    
3 0462251   204622514   密集书库/ [索取号:K928.70/23] 在馆    
4 0466817   204668172   密集书库/ [索取号:K928.70/23] 在馆    
5 0466818   204668181   密集书库/ [索取号:K928.70/23] 在馆    
6 0466944   204669448   密集书库/ [索取号:K928.70/23] 在馆    
唐山师范学院图书馆 欢迎您!
大连网信软件有限公司© 版权所有